Financial Analysis and Planning Theory and Application
Salvato in:
| Autore principale: | |
|---|---|
| Natura: | Libro |
| Lingua: | inglese |
| Pubblicazione: |
Reading
Addison-Wesley
1985
|
| Edizione: | 1. ed. |
| Soggetti: | |
| Tags: |
Nessun Tag, puoi essere il primo ad aggiungerne!!
|
MARC
| LEADER | 00000nam a2200000 4500 | ||
|---|---|---|---|
| 001 | c005213 | ||
| 005 | 20221207073533.3 | ||
| 020 | |a 0-201-04475-7 | ||
| 041 | 0 | |a eng | |
| 044 | |a US | ||
| 245 | 1 | 0 | |a Financial Analysis and Planning |b Theory and Application |c Cheng F. Lee |
| 250 | |a 1. ed. | ||
| 264 | 1 | |a Reading |b Addison-Wesley |c 1985 | |
| 300 | |a 777 s. | ||
| 610 | 2 | 0 | |a podnikanie obchodné |
| 610 | 2 | 0 | |a plánovanie |
| 610 | 2 | 0 | |a organizácie obchodné |
| 610 | 2 | 0 | |a financovanie |
| 610 | 2 | 0 | |a manažment finančný |
| 610 | 2 | 0 | |a rozpočet kapitálový |
| 610 | 2 | 0 | |a prenájom |
| 610 | 2 | 0 | |a dividendy |
| 610 | 2 | 0 | |a prognózy |
| 100 | 1 | |a Lee, Cheng F. | |